=LDR 00000nam 2200000 4500 =001 INLIS000000000004061 =005 20130612092340 =008 ***********************************Ind** =035 ##$$0010-061300000004061 =041 ##$$a Ind =082 ##$$a 808 =090 ##$$a 808, Has p =100 ##$$a Hassan, Fuad =245 ##$$a Pentas kota raya, Fuad Hassan =250 ##$$a Pj.712.01.95 =260 ##$$a 1995 $b Jakarta =300 ##$$a 116 hlm, 19 cm =650 ##$$a karangan =650 ##$$a Kumpulan =850 ##$$a NBPNMAT